000 00591nam a2200217Ia 4500
005 20230804134424.0
008 131103s9999 xx 000 0 und d
020 _a8170339251
_cRs 425
040 _aLoreto College
041 _aEnglish
082 _a907.2054
_bPHA
100 _aPhadke, H.A.
245 _aEssays on Indian Historiography
_cH.A.Phadke
260 _aJaipur
_bRawat Publications
_c2005
300 _ax,195p
504 _aIncludes bibliographical references and index
650 _aHistoriography
651 _aIndia, Historiography
850 _aLCLIB
942 _cBK
999 _c10898
_d61377